| 000 | 00523nam a22001937a 4500 | ||
|---|---|---|---|
| 999 |
_c20829 _d20829 |
||
| 003 | AR-CdUCM | ||
| 008 | 190606b ||||| |||| 00| 0 eng d | ||
| 040 |
_aMUNICIPALIDAD PROVINCIAL DEL CUSCO _cBIBLIOTECA MUNICIPAL DEL CUSCO |
||
| 082 |
_a490 / _bSR77 |
||
| 100 |
_asrpskohrvatski _943504 |
||
| 245 | _aLeksikon / | ||
| 260 |
_aBeograd : _bAPS, _c1977. |
||
| 300 |
_a74 páginas ; _c24 cm. |
||
| 650 |
_aGramática _99175 |
||
| 650 |
_aRuso _921803 |
||
| 650 |
_aEspañol _97869 |
||
| 942 |
_2ddc _cLIBROS |
||
| 945 | _arcc | ||